Cinna: tragédie

Uloženo v:
Podrobná bibliografie
Hlavní autor: Corneille
Médium: Kniha
Jazyk:Undetermined
Vydáno: Canadá Librairie 1971
Témata:
Tagy: Přidat tag
Žádné tagy, Buďte první, kdo vytvoří štítek k tomuto záznamu!

MARC

LEADER 00000nam a2200000Ia 4500
008 170316s9999 xx 000 0 und d
040 |a cru BVZT 
090 |a 840 C-12c 
100 |a Corneille 
245 |a Cinna: tragédie 
260 |a Canadá 
260 |b Librairie 
260 |c 1971 
300 |a 156 páginas 
650 |a LITERATURA FRANCESA 
650 |a TRAGEDIE 
650 |a EN IDIOMA FRANCÉS 
999 |c 7569  |d 7569 
942 |c 15 D  |h 840 C-12c  |2 z